000 00522nam a2200169 i 4500
001 99834
003 ES-MaACL
005 20230906182549.0
007 t|
008 050919s1950 sp ||||1| spa d
100 1 _aMartínez Guitián, Luis.
_978144
245 1 3 _aLa villa y la ciudad de Santander en el siglo XVIII /
_cLuis Martínez Guitián.
260 _aMadrid :
_b[s.n.],
_c1950 (
_fGráf. Uguina)
300 _a90 p. ;
_c22 cm.
651 4 _aSantander-
_xHistoria-
_yS.XVIII.
_9172632
852 _aES-MaACL
_j1924-F-16
999 _c99834
_d99834